000 00485nam a2200169Ia 4500
008 090711s9999 xx 000 0 und d
082 _b71635
100 _aगोविलकर सुमती र.
245 _aस्वप्ना
260 _c1993
300 _a126
600 _aगोविलकर सुमती र.
630 _aस्वप्ना
700 _aगोविलकर सुमती र.
730 _aस्वप्ना
942 _cBOOK
999 _c311117
_d311117